State of the countryside update (Record no. 110423)

MARC details
000 -LEADER
fixed length control field 01371cad a22002175a 4500
001 - CONTROL NUMBER
control field L149219
008 - FIXED-LENGTH DATA ELEMENTS--GENERAL INFORMATION
fixed length control field 100205s2010 xxk f 000 0 eng d
035 ## - SYSTEM CONTROL NUMBER
System control number (Sirsi) u149219
041 0# - LANGUAGE CODE
Language code of text/sound track or separate title eng
110 2# - MAIN ENTRY--CORPORATE NAME
Corporate name or jurisdiction name as entry element Commission for Rural Communities
9 (RLIN) 4993
245 00 - TITLE STATEMENT
Title State of the countryside update
Remainder of title housing demand and supply
Medium [electronic document]
260 ## - PUBLICATION, DISTRIBUTION, ETC.
Place of publication, distribution, etc. Cheltenham
Name of publisher, distributor, etc. Commission for Rural Communities
Date of publication, distribution, etc. 2010
490 #0 - SERIES STATEMENT
Series statement CRC Web 42
520 ## - SUMMARY, ETC.
Summary, etc. Highlights current pressures in the rural housing market. Collates data for future trends in housing demand and current trends in housing supply. Evidence for demand is based on household projection figures and unmet housing needs including homeless households, those in temporary accommodation and on local authority waiting lists. Evidence for supply is taken from Land Registry data on residential property transactions involving newly built properties, additional affordable housing and other social sector housing.
590 ## - LOCAL NOTE (RLIN)
Local note KA NTK
651 #4 - SUBJECT ADDED ENTRY--GEOGRAPHIC NAME
Geographic name England
Chronological subdivision 886-
690 ## - LOCAL SUBJECT ADDED ENTRY--TOPICAL TERM (OCLC, RLIN)
Topical term or geographic name as entry element PROPERTY-RESIDENTIAL PROPERTY-DOMESTIC RESIDENTIAL PROPERTY-HOUSING
690 ## - LOCAL SUBJECT ADDED ENTRY--TOPICAL TERM (OCLC, RLIN)
Topical term or geographic name as entry element PROPERTY-RURAL AND NATURAL ASSETS
856 48 - ELECTRONIC LOCATION AND ACCESS
Uniform Resource Identifier <a href="https://www.ruralcommunities.gov.uk/publications/crcweb42stateofthecountrysideupdatehousingdemandandsupply">https://www.ruralcommunities.gov.uk/publications/crcweb42stateofthecountrysideupdatehousingdemandandsupply</a>
Public note View this online document free of charge at www.ruralcommunities.gov.uk...
942 ## - ADDED ENTRY ELEMENTS (KOHA)
Suppress in OPAC 0
Holdings
Withdrawn status Lost status Source of classification or shelving scheme Damaged status Not for loan Home library Current library Shelving location Date acquired Total Checkouts Full call number Barcode Date last seen Copy number Price effective from Koha item type
    Dewey Decimal Classification     Virtual Virtual Online 05/02/2010   ONLINE PUBLICATION 149219-2001 06/08/2019 1 06/08/2019 Book